Tisseo Linéo 9 ( Toulouse ) - Statistiques

Statistiques générales
  • Ce quiz a été pris 17 fois
  • Le résultat moyen est 17 sur 47
Statistiques - réponses
Commune Correspondances Arret % Correct
Toulouse A, B, Aéro, Cim, CV, L1, L14, 15, 23 Jean Jaurès
77%
Toulouse B, L1, L8 François Verdier
69%
Toulouse A, Cim, L8, L14 Marengo SNCF
62%
Toulouse L1, L8 Saint Georges
62%
Toulouse 44, 66 Grand Rond
54%
Toulouse A, Cim, 37 Jolimont
54%
Toulouse Ormeau
54%
Toulouse L8, L14, 15, 23, 27 Riquet
54%
Toulouse A, 19, 36 Roseraie
54%
Toulouse 27 Trois Fours
54%
Toulouse Dufour
46%
Toulouse 36, 39 Hauts de Bonnefoy
46%
Toulouse Place Bila
46%
Toulouse 40, 43, 73, 76 Atlanta
38%
Toulouse L8, L14, 15, 23 Bachelier
38%
Toulouse 39 Barrière de Croix-Daurade
38%
Saint Orens de Gameville 78, 83 Centre Commercial Saint Orens
38%
Toulouse Frizac
38%
Toulouse 44 Jardin des Plantes
38%
Toulouse Lycée Raymond Naves
38%
Toulouse Six Avril
38%
L'Union 40, 43, 73, 76 Bayonne
31%
L'Union 40, 42, 43, 73, 76 Centre Commercial L'Union
31%
Toulouse Courrège
31%
Toulouse Crampel
31%
Toulouse Croix-Daurade
31%
Toulouse Demouilles
31%
Toulouse 36 Le Brix
31%
L'Union 40, 42, 43 L'Union Grande Halle
31%
Toulouse 78, 80, 109, 201 Malepère
31%
Toulouse Montaudran - La Rivière
31%
Toulouse Route de Revel
31%
Toulouse 39 Sainte Hélène
31%
Toulouse Buissonnets
23%
Toulouse 36 Campardon
23%
Saint Orens de Gameville 78, 83, 109, 201 Champs Pinsons
23%
Toulouse Jaffary
23%
Toulouse Lafaurie
23%
Toulouse Luchet
23%
Toulouse Parc Alalouf
23%
Toulouse Théodore de Banville
23%
Toulouse Yves Brunaud
23%
Toulouse Bajac
15%
Toulouse Cazals
15%
Toulouse 109 Laure Delerot
15%
L'Union 40, 43, 73, 76 Saint Caprais
15%
Toulouse 23 Thaiti
8%
Aucun quiz correspondant
Distribution des résultats
% des personnes avec chaque résultat
Percentile par nombre de réponses
Votre historique - résultats
Vous n’avez pas pris ce quiz